| 000 | 00877nam a22002177a 4500 | ||
|---|---|---|---|
| 999 |
_c5279 _d5279 |
||
| 003 | AR-CdUCM | ||
| 008 | 190312b ||||| |||| 00| 0 spa d | ||
| 040 |
_aMUNICIPALIDAD PROVINCIAL DEL CUSCO _cBIBLIOTECA MUNICIPAL DEL CUSCO |
||
| 082 |
_a330.980 / _bS1 |
||
| 110 |
_aSeminario internacional realizado en Lima _915969 |
||
| 245 | _aEl papel de la banca de fomento en el desarrollo económico de América Latina / | ||
| 260 |
_aLima : _bILDIS, _c1973. |
||
| 300 |
_a654 páginas ; _c24 cm. |
||
| 505 | _aContenido: Política y manejo de la banca fomento -- La banca de fomento dentro de sistema financiero -- La banca de fomento regional y sus relaciones con los países industrializados... | ||
| 650 |
_aBanca de fomento. _915970 |
||
| 650 |
_aDesarrollo. _92021 |
||
| 650 |
_aEconomía. _9382 |
||
| 650 |
_aAmérica Latina. _91130 |
||
| 942 |
_2ddc _cLIBROS |
||
| 945 | _awfj | ||